000 01488 a2200205 4500
001 57788
005 20260407155838.0
008 260407a1986 arg spa d
003 AR-UNSa-BCEJYS
040 _aAR-UNSa-BCEJYS
_bspa
_cAR-UNSa-BCEJYS
080 _a665.5
_xAceites Esenciales. Perfumería. Cosméticos
245 1 0 _aAceites esenciales y oleorresinas
_pestudio de distintos productores y de mercados importantes
264 1 _aGinegra :
_bCCI (Centro de Comercio Internacional)
_c1986
300 _a222 p.
_c21 cm.
505 _aParte I: Monografías sobre determinados aceites esenciales y oleorresinas de especias: 1. Aceites esenciales – 2. Oleorresinas de especias – Parte II: Examen de algunos países / zonas productores: 1. Brasil – 2. China – 3. Comoras – 4. Egipto – 5. Europa – 6. Guinea – 7. Haití – 8. India – 9. Indonesia – 10. Malawi – 11. México – 12. Marruecos – 13. Pakistán – 14. Paraguay – 15. Perú – 16. Singapur – 17. Sri Lanka – 18. Tailandia – 19. Republica unida de Tanzania – Parte III: Examen de mercados importantes para aceites esenciales y oleorresinas de especias: 1. América del Norte – 2. Europa occidental – 3. Japón – Parte IV: Estructura y procedimientos comerciales: 1. La estructura básica – 2. Envasado – 3. Aspectos institucionales y legislativos
041 _aspa
942 _cBK
590 _aniveau_biblio:m niveau_hierar:0
100 1 _aCentro de Comercio Internacional (CCI)
999 _c6297
_d6297